[Event "British Columbia-ch"]
[Site "Vancouver CAN"]
[Date "2001.04.12"]
[Round "1.4"]
[White "Sokourinski, Sergei"]
[Black "Niksic, John"]
[Result "1-0"]
[WhiteElo "2128"]
[BlackElo "2102"]
[PlyCount "115"]
[GameId "2160767911565010"]
[EventDate "2001.04.12"]
[EventType "tourn"]
[EventRounds "9"]
[EventCountry "CAN"]
[SourceTitle "EXT 2002"]
[Source "ChessBase"]
[SourceDate "2001.11.25"]
[SourceVersion "1"]
[SourceVersionDate "2001.11.25"]
[SourceQuality "1"]

1. d4 Nf6 2. c4 e6 3. Nf3 Bb4+ 4. Bd2 a5 5. g3 b6 6. Bg2 Bb7 7. O-O Bxd2 8. Nbxd2 d6 9. Qc2 Nbd7 10. a3 a4 11. Nb1 Ra5 12. Nc3 Qa8 13. Nb5 Qb8 14. Rac1 O-O 15. Rfe1 Re8 16. e3 h6 17. h3 Ne4 18. Nd2 Nxd2 19. Bxb7 Nb3 20. Bc6 Nxc1 21. Bxd7 Re7 22. Bc6 Nb3 23. Nc3 Qa7 24. Nxa4 Rxa4 25. Qxb3 Ra5 26. Qc3 Rg5 27. h4 Rg6 28. b4 e5 29. d5 f5 30. a4 Rf6 31. a5 g5 32. hxg5 hxg5 33. a6 Rh6 34. b5 Reh7 35. Kf1 Kf7 36. Ke2 Rh8 37. Bd7 Rf6 38. Qd3 e4 39. Qd4 g4 40. Bxf5 Rh2 41. Qxe4 Qa8 42. Be6+ Kf8 43. Rf1 Kg7 44. Qxg4+ Kh6 45. Bc8 Rf8 46. Qe6+ Kg7 47. Qe7+ Rf7 48. Qg5+ Kh8 49. Be6 Rf8 50. e4 Qe8 51. Ke3 c6 52. bxc6 Qb8 53. Qe7 b5 54. Qxf8+ Qxf8 55. c7 Qf6 56. c8=Q+ Kh7 57. Bf5+ Kh6 58. Qe6 1-0

[Event "British Columbia-ch"]
[Site "Vancouver CAN"]
[Date "2001.04.12"]
[Round "1.5"]
[White "Storey, Carl"]
[Black "Neufahrt, Gerhard"]
[Result "1/2-1/2"]
[WhiteElo "2298"]
[BlackElo "2110"]
[PlyCount "131"]
[GameId "2160767911565011"]
[EventDate "2001.04.12"]
[EventType "tourn"]
[EventRounds "9"]
[EventCountry "CAN"]

1. Nf3 g6 2. c4 c6 3. g3 Bg7 4. d4 d5 5. cxd5 cxd5 6. Bg2 Nc6 7. O-O Bg4 8. Nc3 e6 9. e3 h5 10. h3 Bf5 11. Nh4 Nh6 12. Nxf5 Nxf5 13. b3 Nd6 14. Bb2 f5 15. Ne2 h4 16. Nf4 Qf6 17. g4 Bh6 18. Nd3 fxg4 19. Qxg4 Qf5 20. Qe2 Ne4 21. Nc5 Nxc5 22. dxc5 Rf8 23. Rac1 Rc8 24. Rcd1 Qg5 25. e4 d4 26. Bc1 Rf4 27. Bxf4 Qxf4 28. Qb5 Bg7 29. e5 Bxe5 30. Rfe1 Rc7 31. Qe2 Rf7 32. Rd2 Rf5 33. Rc2 Rg5 34. Qe4 Qh2+ 35. Kf1 d3 36. Rd2 Nb4 37. f4 Rf5 38. Qxf5 gxf5 39. Bc6+ bxc6 40. Rxh2 Bxf4 41. Rf2 Bg3 42. Rxe6+ Kd7 43. Rd6+ Bxd6 44. cxd6 Kxd6 45. Rxf5 Nxa2 46. Ke1 Nc1 47. b4 Ne2 48. Kd2 Ng1 49. Kxd3 Nxh3 50. Ke3 Ke6 51. Rc5 Kd6 52. Ra5 Ke6 53. Rh5 Kd6 54. Rh6+ Kc7 55. Rg6 Kb6 56. Kf3 Kb5 57. Rg4 c5 58. bxc5 Kxc5 59. Kg2 a5 60. Kxh3 Kb5 61. Rxh4 a4 62. Kg2 a3 63. Kf2 a2 64. Rh1 Kb4 65. Ke2 Kb3 66. Kd2 1/2-1/2

[Event "British Columbia-ch"]
[Site "Vancouver CAN"]
[Date "2001.04.13"]
[Round "2.1"]
[White "Jiganchine, Roman"]
[Black "Neufahrt, Gerhard"]
[Result "1-0"]
[WhiteElo "2198"]
[BlackElo "2110"]
[PlyCount "73"]
[GameId "2160767911565012"]
[EventDate "2001.04.12"]
[EventType "tourn"]
[EventRounds "9"]
[EventCountry "CAN"]

1. e4 g6 2. d4 c6 3. Nf3 d5 4. e5 Bg4 5. Be2 e6 6. O-O h5 7. c3 Nh6 8. Na3 Nd7 9. b3 Nf5 10. Nc2 Rc8 11. Ne3 Bxf3 12. Bxf3 Ng7 13. c4 g5 14. g4 f5 15. gxf5 exf5 16. Nxf5 g4 17. Nxg7+ Bxg7 18. Bg2 dxc4 19. bxc4 O-O 20. Qc2 Nb6 21. Be3 c5 22. dxc5 Nd7 23. Rad1 Qe7 24. Bd5+ Kh8 25. Qg6 Qe8 26. Qxe8 Rcxe8 27. e6 Ne5 28. Rb1 Nf3+ 29. Kg2 Be5 30. Rxb7 Nxh2 31. Rh1 Nf3 32. Rxh5+ Kg8 33. e7+ Rf7 34. Kf1 Kg7 35. Bxf3 Rexe7 36. Rxe7 Rxe7 37. Bxg4 1-0

[Event "British Columbia-ch"]
[Site "Vancouver CAN"]
[Date "2001.04.13"]
[Round "2.2"]
[White "Niksic, John"]
[Black "Storey, Carl"]
[Result "1-0"]
[WhiteElo "2102"]
[BlackElo "2125"]
[PlyCount "79"]
[GameId "2160767911565013"]
[EventDate "2001.04.12"]
[EventType "tourn"]
[EventRounds "9"]
[EventCountry "CAN"]
[SourceTitle "EXT 2002"]
[Source "ChessBase"]
[SourceDate "2001.11.25"]
[SourceVersion "1"]
[SourceVersionDate "2001.11.25"]
[SourceQuality "1"]

1. d4 Nf6 2. Nf3 g6 3. c4 Bg7 4. g3 O-O 5. Bg2 c5 6. d5 d6 7. Nc3 a6 8. a4 h6 9. h3 Kh7 10. O-O Re8 11. e4 e6 12. Re1 exd5 13. cxd5 Nbd7 14. Nd2 Ne5 15. Qc2 g5 16. f4 gxf4 17. gxf4 Ng6 18. Nc4 Kh8 19. Be3 Nh5 20. Qf2 Rg8 21. Qf3 Bxh3 22. Qxh5 Bxg2 23. Kxg2 Nxf4+ 24. Bxf4 Bxc3+ 25. Kf3 Qf6 26. bxc3 Rg5 27. Qxh6+ Qxh6 28. Rh1 Kg7 29. Rxh6 Kxh6 30. Nxd6 f6 31. Nf5+ Kg6 32. Bxg5 fxg5 33. Rh1 b5 34. Rh6+ Kf7 35. axb5 axb5 36. Nd6+ Kg7 37. Nf5+ Kf7 38. Rc6 b4 39. cxb4 cxb4 40. Rb6 1-0

[Event "British Columbia-ch"]
[Site "Vancouver CAN"]
[Date "2001.04.13"]
[Round "2.3"]
[White "Fullbrook, Nigel"]
[Black "Sokourinski, Sergei"]
[Result "1/2-1/2"]
[WhiteElo "2259"]
[BlackElo "2128"]
[PlyCount "28"]
[GameId "2160767911565014"]
[EventDate "2001.04.12"]
[EventType "tourn"]
[EventRounds "9"]
[EventCountry "CAN"]
[SourceTitle "EXT 2002"]
[Source "ChessBase"]
[SourceDate "2001.11.25"]
[SourceVersion "1"]
[SourceVersionDate "2001.11.25"]
[SourceQuality "1"]

1. e4 c6 2. d4 d5 3. exd5 cxd5 4. c4 Nf6 5. Nc3 Nc6 6. Nf3 Bg4 7. cxd5 Nxd5 8. Be2 e6 9. O-O Be7 10. h3 Bh5 11. Qb3 Rb8 12. Nxd5 Qxd5 13. Qxd5 exd5 14. Bd3 O-O 1/2-1/2

[Event "British Columbia-ch"]
[Site "Vancouver CAN"]
[Date "2001.04.13"]
[Round "2.4"]
[White "Berry, Jonathan"]
[Black "Davies, Alex"]
[Result "1-0"]
[WhiteElo "2299"]
[BlackElo "2336"]
[PlyCount "65"]
[GameId "2160767911565015"]
[EventDate "2001.04.12"]
[EventType "tourn"]
[EventRounds "9"]
[EventCountry "CAN"]
[SourceTitle "EXT 2002"]
[Source "ChessBase"]
[SourceDate "2001.11.25"]
[SourceVersion "1"]
[SourceVersionDate "2001.11.25"]
[SourceQuality "1"]

1. d4 d6 2. e4 Nf6 3. Nc3 g6 4. Be3 c6 5. Qd2 b5 6. f3 Bg7 7. g4 h5 8. g5 Nfd7 9. f4 Nb6 10. Nf3 Bg4 11. Nh4 Bc8 12. f5 gxf5 13. exf5 Na6 14. Bg2 Qc7 15. O-O Bd7 16. Qe2 O-O-O 17. a4 Nb4 18. axb5 N4d5 19. bxc6 Bxc6 20. Nxd5 Bxd5 21. Bxd5 Nxd5 22. Ra3 Rd7 23. Rfa1 Qb6 24. Qc4+ Nc7 25. Rb3 d5 26. Qc3 Qd6 27. Rxa7 Rdd8 28. Rbb7 Kd7 29. Qxc7+ Qxc7 30. Rxc7+ Kd6 31. Rxe7 Rhe8 32. f6 Bf8 33. Ra6# 1-0

[Event "British Columbia-ch"]
[Site "Vancouver CAN"]
[Date "2001.04.13"]
[Round "2.5"]
[White "Seid, Hee"]
[Black "Milicevic, Dragoljub"]
[Result "1/2-1/2"]
[WhiteElo "2157"]
[BlackElo "2334"]
[PlyCount "108"]
[GameId "2160767911565016"]
[EventDate "2001.04.12"]
[EventType "tourn"]
[EventRounds "9"]
[EventCountry "CAN"]

1. c4 f5 2. d4 g6 3. Nc3 Nf6 4. g3 Bg7 5. Bg2 O-O 6. Nf3 d6 7. O-O c6 8. b3 Qa5 9. Bb2 e5 10. Qd2 Qc7 11. dxe5 dxe5 12. Rad1 e4 13. Nd4 Ng4 14. h3 Bh6 15. Ndb5 Qb6 16. Qd6 cxb5 17. hxg4 Bg7 18. gxf5 gxf5 19. Qd5+ Be6 20. Qxb5 Qxb5 21. cxb5 a6 22. Rd6 Kf7 23. Rb6 Nd7 24. Rxb7 axb5 25. Rxb5 Rfc8 26. Rc1 Bxc3 27. Rxc3 Rxc3 28. Bxc3 Rxa2 29. e3 Rc2 30. Bd4 Rc1+ 31. Bf1 Rb1 32. Kg2 Rxb3 33. Ra5 Rb7 34. Be2 Rc7 35. Bh5+ Ke7 36. Ra8 Nf6 37. Bd1 Kf7 38. Ba4 Bc4 39. Ra5 Kg6 40. Bd1 Bd3 41. Rc5 Rxc5 42. Bxc5 Bc4 43. Bd4 Nd5 44. f3 Nb4 45. g4 fxg4 46. fxg4 Kg5 47. Kg3 Nd5 48. Be5 Kg6 49. Bd4 h6 50. Ba4 Nb4 51. Kf4 Bd5 52. Be8+ Kh7 53. Ke5 Bb7 54. Bd7 Kg6 1/2-1/2

[Event "British Columbia-ch"]
[Site "Vancouver CAN"]
[Date "2001.04.13"]
[Round "3.1"]
[White "Milicevic, Dragoljub"]
[Black "Jiganchine, Roman"]
[Result "1-0"]
[WhiteElo "2264"]
[BlackElo "2115"]
[PlyCount "81"]
[GameId "2160767911565017"]
[EventDate "2001.04.12"]
[EventType "tourn"]
[EventRounds "9"]
[EventCountry "CAN"]
[SourceTitle "EXT 2002"]
[Source "ChessBase"]
[SourceDate "2001.11.25"]
[SourceVersion "1"]
[SourceVersionDate "2001.11.25"]
[SourceQuality "1"]

1. Nf3 Nf6 2. g3 b6 3. Bg2 Bb7 4. O-O e6 5. c4 c5 6. Nc3 Be7 7. Re1 a6 8. e4 d6 9. Qe2 Qc7 10. d3 Nbd7 11. h3 O-O 12. Nh2 Bc6 13. f4 Rfd8 14. g4 Bf8 15. g5 Ne8 16. h4 b5 17. h5 Nb6 18. Ng4 bxc4 19. dxc4 Rab8 20. b3 d5 21. exd5 exd5 22. Ne5 Bb7 23. cxd5 Nxd5 24. Nxd5 Bxd5 25. Bxd5 Rxd5 26. Qxa6 Nd6 27. Be3 Nf5 28. Bf2 Rb4 29. g6 Rxf4 30. gxf7+ Kh8 31. Qa8 Rd8 32. Qg2 Nh6 33. Bg3 Rxf7 34. Ng6+ hxg6 35. Bxc7 Rxc7 36. Qxg6 Rd4 37. Re4 Rcd7 38. Rf1 Rd8 39. Re8 Rxe8 40. Qxe8 Rg4+ 41. Kh2 1-0

[Event "British Columbia-ch"]
[Site "Vancouver CAN"]
[Date "2001.04.13"]
[Round "3.2"]
[White "Davies, Alex"]
[Black "Seid, Hee"]
[Result "1/2-1/2"]
[WhiteElo "2260"]
[BlackElo "2157"]
[PlyCount "207"]
[GameId "2160767911565018"]
[EventDate "2001.04.12"]
[EventType "tourn"]
[EventRounds "9"]
[EventCountry "CAN"]

1. d4 Nf6 2. Bg5 Ne4 3. h4 c5 4. dxc5 Qa5+ 5. Nd2 e6 6. c3 Nxg5 7. hxg5 Qxc5 8. Ngf3 Be7 9. Qc2 g6 10. Nb3 Qc7 11. e4 Nc6 12. Qd2 Ne5 13. Nh2 Nc4 14. Qd4 Ne5 15. f4 O-O 16. Qxe5 Qxe5 17. fxe5 Bxg5 18. Nf3 Be7 19. O-O-O a6 20. a4 b6 21. Be2 Kg7 22. Rd4 Rb8 23. c4 a5 24. Kb1 Rb7 25. Ka2 Rc7 26. Rhd1 Rd8 27. R4d2 Bb7 28. Bd3 Bc6 29. Nbd4 Bxa4 30. b3 Bc6 31. Nxc6 dxc6 32. Be2 Rxd2+ 33. Rxd2 h5 34. Rd1 Kh6 35. Kb2 Rb7 36. Nd4 Rc7 37. Nf3 Rb7 38. Kc2 Rc7 39. Kb1 g5 40. Nd4 g4 41. Nc2 Kg5 42. Rf1 Bf8 43. Ne1 Kh4 44. Nd3 Rd7 45. Kc2 Kg3 46. Nf4 h4 47. Nh5+ Kxg2 48. Nf4+ Kg3 49. Nh5+ Kg2 50. Nf6 Rd8 51. Nxg4 h3 52. Rf3 Bc5 53. Rxf7 Rg8 54. Rh7 Kg3 55. Nf6 Rg5 56. Nh5+ Kf2 57. Nf4 Ke3 58. Rxh3+ Kxf4 59. Rf3+ Kxe4 60. Rf7 Kxe5 61. Rc7 Kd6 62. Rc8 Kd7 63. Rh8 Rg2 64. Kd3 Rg3+ 65. Kc2 Bd4 66. Rh7+ Kd6 67. Bd3 Re3 68. Rh2 e5 69. Re2 Rg3 70. Re4 Kc5 71. Re2 Kb4 72. Re1 Rg2+ 73. Re2 Rg1 74. Be4 Kc5 75. Kd2 Ra1 76. Bc2 Kb4 77. Re4 Ra2 78. Re2 c5 79. Kd3 Ra1 80. Rh2 Rg1 81. Rh6 Rg2 82. Rxb6+ Ka3 83. Rb5 Kb2 84. Bd1 Rg3+ 85. Ke4 Re3+ 86. Kd5 Rd3 87. Be2 Rd2 88. Bf3 Rd3 89. Be4 Rd2 90. Bf3 Bc3+ 91. Kxc5 Bb4+ 92. Rxb4 axb4 93. Kxb4 Rd3 94. Bg4 Rxb3+ 95. Kc5 Rd3 96. Kb5 Kc3 97. c5 Rd4 98. Be2 Rb4+ 99. Kc6 Kd4 100. Kd6 Rb2 101. Bh5 Rh2 102. Bg4 e4 103. c6 Rc2 104. c7 1/2-1/2

[Event "British Columbia-ch"]
[Site "Vancouver CAN"]
[Date "2001.04.13"]
[Round "3.3"]
[White "Sokourinski, Sergei"]
[Black "Berry, Jonathan"]
[Result "1/2-1/2"]
[WhiteElo "2128"]
[BlackElo "2299"]
[PlyCount "71"]
[GameId "2160767911565019"]
[EventDate "2001.04.12"]
[EventType "tourn"]
[EventRounds "9"]
[EventCountry "CAN"]
[SourceTitle "EXT 2002"]
[Source "ChessBase"]
[SourceDate "2001.11.25"]
[SourceVersion "1"]
[SourceVersionDate "2001.11.25"]
[SourceQuality "1"]

1. d4 Nf6 2. c4 c5 3. d5 b5 4. cxb5 a6 5. bxa6 g6 6. Nc3 Bxa6 7. e4 Bxf1 8. Kxf1 d6 9. f4 Bg7 10. Nf3 O-O 11. g3 e6 12. dxe6 fxe6 13. e5 dxe5 14. Qxd8 Rxd8 15. fxe5 Ng4 16. Bf4 Nc6 17. Re1 Rd3 18. Kg2 Nd4 19. Nxd4 cxd4 20. Rd1 Rxd1 21. Nxd1 Rxa2 22. Re1 Ra1 23. h3 Nxe5 24. Bxe5 Bxe5 25. Rxe5 Rxd1 26. Rxe6 Rd2+ 27. Kf3 Rxb2 28. Rd6 Rb3+ 29. Kf2 d3 30. Rd7 h6 31. h4 Kf8 32. Ke3 d2+ 33. Kxd2 Rxg3 34. h5 gxh5 35. Ke2 h4 36. Kf2 1/2-1/2

[Event "British Columbia-ch"]
[Site "Vancouver CAN"]
[Date "2001.04.13"]
[Round "3.4"]
[White "Storey, Carl"]
[Black "Fullbrook, Nigel"]
[Result "1/2-1/2"]
[WhiteElo "2125"]
[BlackElo "2259"]
[PlyCount "60"]
[GameId "2160767911565020"]
[EventDate "2001.04.12"]
[EventType "tourn"]
[EventRounds "9"]
[EventCountry "CAN"]
[SourceTitle "EXT 2002"]
[Source "ChessBase"]
[SourceDate "2001.11.25"]
[SourceVersion "1"]
[SourceVersionDate "2001.11.25"]
[SourceQuality "1"]

1. Nf3 c5 2. c4 g6 3. g3 Bg7 4. Bg2 Nc6 5. O-O e6 6. Nc3 Nge7 7. d3 d5 8. cxd5 exd5 9. Bf4 O-O 10. Qd2 b6 11. Bh6 d4 12. Bxg7 Kxg7 13. Nd1 Bb7 14. e4 dxe3 15. fxe3 f6 16. Nf2 Rb8 17. Rad1 Qd7 18. d4 cxd4 19. exd4 Nd5 20. Nh4 Rbe8 21. Rfe1 Nd8 22. h3 Nf7 23. Nf3 Rxe1+ 24. Rxe1 Re8 25. Ne4 Nd6 26. Nxd6 Rxe1+ 27. Qxe1 Qxd6 28. Nh2 Bc6 29. a3 Ne7 30. Qf2 Nf5 1/2-1/2

[Event "British Columbia-ch"]
[Site "Vancouver CAN"]
[Date "2001.04.13"]
[Round "3.5"]
[White "Neufahrt, Gerhard"]
[Black "Niksic, John"]
[Result "1-0"]
[WhiteElo "2110"]
[BlackElo "2034"]
[PlyCount "101"]
[GameId "2160767911565021"]
[EventDate "2001.04.12"]
[EventType "tourn"]
[EventRounds "9"]
[EventCountry "CAN"]

1. Nf3 Nf6 2. d4 b6 3. Bf4 Bb7 4. e3 e6 5. Nbd2 d5 6. Ne5 Be7 7. Bd3 a6 8. c3 Nbd7 9. Ndf3 c5 10. Ng5 Nxe5 11. dxe5 Ne4 12. h4 Nxg5 13. hxg5 g6 14. Qg4 Qd7 15. Rh3 O-O-O 16. Kd2 Kb8 17. b3 c4 18. Bc2 cxb3 19. axb3 Rc8 20. e4 Qb5 21. Ke1 Rxc3 22. Rxc3 Bb4 23. Bd2 Bxc3 24. Bxc3 Rc8 25. Qg3 Qc5 26. exd5 Qxc3+ 27. Qxc3 Rxc3 28. Kd2 Rc5 29. dxe6 fxe6 30. f4 a5 31. g3 Kc7 32. Bd3 Bd5 33. b4 axb4 34. Ra7+ Kc6 35. Rxh7 Ra5 36. Bxg6 Ra3 37. Bb1 Rxg3 38. g6 Kc5 39. Rh5 Rg2+ 40. Ke3 Rg3+ 41. Kf2 Rf3+ 42. Ke2 Rg3 43. Rg5 Bf3+ 44. Ke3 Rxg5 45. fxg5 Bh5 46. g7 Bf7 47. Bh7 Kd5 48. Kf4 b3 49. g8=Q Bxg8 50. Bxg8 b2 51. Bh7 1-0

[Event "British Columbia-ch"]
[Site "Vancouver CAN"]
[Date "2001.04.14"]
[Round "4.1"]
[White "Jiganchine, Roman"]
[Black "Niksic, John"]
[Result "1-0"]
[WhiteElo "2115"]
[BlackElo "2102"]
[PlyCount "43"]
[GameId "2160767911565022"]
[EventDate "2001.04.12"]
[EventType "tourn"]
[EventRounds "9"]
[EventCountry "CAN"]
[SourceTitle "EXT 2002"]
[Source "ChessBase"]
[SourceDate "2001.11.25"]
[SourceVersion "1"]
[SourceVersionDate "2001.11.25"]
[SourceQuality "1"]

1. e4 e6 2. d4 d5 3. Nd2 Nf6 4. e5 Nfd7 5. Bd3 c5 6. c3 Nc6 7. Ne2 a5 8. O-O a4 9. a3 Qa5 10. Nf3 Be7 11. Bg5 b6 12. Bxe7 Nxe7 13. Bc2 Bb7 14. Ng3 h5 15. Ng5 g6 16. Qf3 Nf5 17. Bxf5 gxf5 18. Rfe1 Nf8 19. Nxf5 exf5 20. Qxf5 Rh7 21. Nxh7 Nxh7 22. e6 1-0

[Event "British Columbia-ch"]
[Site "Vancouver CAN"]
[Date "2001.04.14"]
[Round "4.2"]
[White "Fullbrook, Nigel"]
[Black "Neufahrt, Gerhard"]
[Result "1-0"]
[WhiteElo "2287"]
[BlackElo "2110"]
[PlyCount "49"]
[GameId "2160767911565023"]
[EventDate "2001.04.12"]
[EventType "tourn"]
[EventRounds "9"]
[EventCountry "CAN"]

1. e4 g6 2. d4 c6 3. c4 Bg7 4. Nc3 d6 5. Be3 Nf6 6. f3 h5 7. Bd3 h4 8. Nge2 Na6 9. Qd2 Nb4 10. Bb1 a5 11. O-O Nh5 12. Rd1 b6 13. Bg5 Bf6 14. a3 Na6 15. Bxf6 exf6 16. Bc2 Nc7 17. b4 axb4 18. axb4 Rxa1 19. Rxa1 Ba6 20. Ba4 b5 21. cxb5 cxb5 22. Bb3 Bb7 23. Qd3 Qd7 24. Ra7 Qc6 25. d5 1-0

[Event "British Columbia-ch"]
[Site "Vancouver CAN"]
[Date "2001.04.14"]
[Round "4.3"]
[White "Berry, Jonathan"]
[Black "Storey, Carl"]
[Result "1-0"]
[WhiteElo "2299"]
[BlackElo "2125"]
[PlyCount "109"]
[GameId "2160767911565024"]
[EventDate "2001.04.12"]
[EventType "tourn"]
[EventRounds "9"]
[EventCountry "CAN"]
[SourceTitle "EXT 2002"]
[Source "ChessBase"]
[SourceDate "2001.11.25"]
[SourceVersion "1"]
[SourceVersionDate "2001.11.25"]
[SourceQuality "1"]

1. e4 c6 2. d4 d5 3. exd5 cxd5 4. c4 Nf6 5. Nc3 Nc6 6. Bg5 Ne4 7. Nxe4 dxe4 8. d5 Ne5 9. Qd4 Nd3+ 10. Bxd3 exd3 11. Nf3 h6 12. Bd2 e6 13. O-O Be7 14. Bc3 Bf6 15. Qxd3 Bxc3 16. Qxc3 O-O 17. Rad1 exd5 18. Rxd5 Qc7 19. Nd4 Qf4 20. Re1 Be6 21. g3 Qf6 22. Nxe6 fxe6 23. Qxf6 Rxf6 24. Rd7 Raf8 25. f4 g5 26. fxg5 hxg5 27. Rxb7 Rf2 28. Rb5 Rc2 29. Rxg5+ Kh7 30. Rf1 Rxf1+ 31. Kxf1 Rxb2 32. h4 Rxa2 33. Re5 Kg6 34. g4 Kf6 35. Re2 Ra1+ 36. Re1 Ra2 37. Re2 Ra1+ 38. Kf2 Rc1 39. Re4 e5 40. Ke2 a5 41. Kd2 Rh1 42. c5 Ke6 43. h5 Kd5 44. Ra4 e4 45. Rxa5 Rh2+ 46. Ke3 Rh3+ 47. Kf4 Rf3+ 48. Kg5 e3 49. Ra8 Kxc5 50. h6 Rh3 51. Kg6 Kd4 52. h7 e2 53. Re8 Kd3 54. g5 Kd2 55. Kg7 1-0

[Event "British Columbia-ch"]
[Site "Vancouver CAN"]
[Date "2001.04.14"]
[Round "4.4"]
[White "Seid, Hee"]
[Black "Sokourinski, Sergei"]
[Result "0-1"]
[WhiteElo "2157"]
[BlackElo "2235"]
[PlyCount "116"]
[GameId "2160767911565025"]
[EventDate "2001.04.12"]
[EventType "tourn"]
[EventRounds "9"]
[EventCountry "CAN"]

1. e4 c6 2. d4 d5 3. e5 c5 4. c3 Nc6 5. f4 cxd4 6. cxd4 Bf5 7. Nc3 e6 8. Bb5 Nh6 9. Nf3 Rc8 10. O-O a6 11. Bxc6+ Rxc6 12. a3 Bg4 13. h3 Bxf3 14. Rxf3 Nf5 15. g4 Nxd4 16. Rd3 Nb5 17. Nxb5 axb5 18. Be3 Bc5 19. Qb3 Bxe3+ 20. Rxe3 Qb6 21. Kf2 O-O 22. Rd1 Rfc8 23. Kf3 Rc2 24. Rdd3 R2c4 25. Rc3 Qd4 26. Qxb5 Qxf4+ 27. Kg2 g6 28. Qxb7 Rxc3 29. bxc3 Rxc3 30. Rxc3 Qd2+ 31. Kf1 Qxc3 32. Qa8+ Kg7 33. a4 Qxh3+ 34. Kf2 Qh2+ 35. Kf1 Qxe5 36. a5 d4 37. Qd8 h6 38. Kf2 Qe3+ 39. Kg2 d3 40. a6 d2 41. a7 Qxa7 42. Qxd2 Qb7+ 43. Kg3 Qb8+ 44. Kh3 Qe5 45. Qd3 h5 46. Qd2 hxg4+ 47. Kxg4 Qf5+ 48. Kg3 e5 49. Qd5 Qf4+ 50. Kg2 Qd4 51. Qb7 e4 52. Kg3 Qg1+ 53. Kf4 Qf2+ 54. Kg4 Qf3+ 55. Kh4 Qf6+ 56. Kg3 e3 57. Qe4 Qf2+ 58. Kh3 Qf5+ 0-1

[Event "British Columbia-ch"]
[Site "Vancouver CAN"]
[Date "2001.04.14"]
[Round "4.5"]
[White "Milicevic, Dragoljub"]
[Black "Davies, Alex"]
[Result "1-0"]
[WhiteElo "2264"]
[BlackElo "2336"]
[PlyCount "51"]
[GameId "2160767911565026"]
[EventDate "2001.04.12"]
[EventType "tourn"]
[EventRounds "9"]
[EventCountry "CAN"]
[SourceTitle "EXT 2002"]
[Source "ChessBase"]
[SourceDate "2001.11.25"]
[SourceVersion "1"]
[SourceVersionDate "2001.11.25"]
[SourceQuality "1"]

1. Nf3 d6 2. d4 Bg4 3. e4 Nf6 4. h3 Bh5 5. Bd3 e6 6. Qe2 Be7 7. c4 c6 8. O-O O-O 9. Bf4 Nbd7 10. e5 Ne8 11. g4 Bg6 12. Bxg6 hxg6 13. Nc3 d5 14. c5 a5 15. a3 a4 16. Qc2 Qa5 17. Bg5 Qd8 18. Bxe7 Qxe7 19. Nxa4 f6 20. Nb6 Nxb6 21. cxb6 Qd8 22. Qxg6 Qxb6 23. g5 Qxb2 24. gxf6 Nxf6 25. Rab1 Qc2 26. Qxc2 1-0

[Event "British Columbia-ch"]
[Site "Vancouver CAN"]
[Date "2001.04.14"]
[Round "5.1"]
[White "Davies, Alex"]
[Black "Jiganchine, Roman"]
[Result "1/2-1/2"]
[WhiteElo "2336"]
[BlackElo "2115"]
[PlyCount "154"]
[GameId "2160767911565027"]
[EventDate "2001.04.12"]
[EventType "tourn"]
[EventRounds "9"]
[EventCountry "CAN"]
[SourceTitle "EXT 2002"]
[Source "ChessBase"]
[SourceDate "2001.11.25"]
[SourceVersion "1"]
[SourceVersionDate "2001.11.25"]
[SourceQuality "1"]

1. d4 d5 2. Nc3 c6 3. e4 dxe4 4. Nxe4 Bf5 5. Nc5 Qb6 6. Nf3 Nf6 7. Bd3 Bxd3 8. Nxd3 e6 9. O-O Be7 10. Be3 Qd8 11. Re1 O-O 12. Qe2 Nbd7 13. Rad1 Rc8 14. c4 a6 15. Nde5 Qc7 16. Bf4 Nxe5 17. Nxe5 Qd8 18. Rd3 Nd7 19. Nxd7 Qxd7 20. d5 cxd5 21. cxd5 Bb4 22. Bd2 Bxd2 23. Qxd2 exd5 24. Rxd5 Qc6 25. Rd7 Rc7 26. Rd6 Qc5 27. b4 Qf5 28. Rd8 Rc8 29. Rxf8+ Rxf8 30. g3 Qf6 31. Qe3 g6 32. Qe7 Qc6 33. Qe4 Rc8 34. a4 Qxe4 35. Rxe4 Kf8 36. Kg2 Rc7 37. Kf3 f6 38. h4 Kf7 39. Ke3 Rd7 40. Rd4 Rc7 41. Rd6 Ke7 42. Rc6 Rd7 43. Ke4 Kf7 44. g4 Ke7 45. g5 fxg5 46. hxg5 Ke8 47. Ke5 Ke7 48. Re6+ Kf7 49. Rd6 Rc7 50. Rd8 Re7+ 51. Kd6 Re6+ 52. Kc7 Re4 53. b5 axb5 54. axb5 Re5 55. b6 Rxg5 56. Rd7+ Ke6 57. Rxh7 Rf5 58. Rh2 Rf7+ 59. Kb8 g5 60. Rh8 Rxf2 61. Re8+ Kf7 62. Re1 Kg6 63. Kxb7 g4 64. Kc7 Rb2 65. b7 Rxb7+ 66. Kxb7 Kf5 67. Kc6 Kf4 68. Kd5 g3 69. Kd4 g2 70. Kd3 Kf3 71. Kd2 Kf2 72. Re2+ Kf3 73. Re1 Kf2 74. Re2+ Kf3 75. Re3+ Kf2 76. Re2+ Kf3 77. Rxg2 Kxg2 1/2-1/2

[Event "British Columbia-ch"]
[Site "Vancouver CAN"]
[Date "2001.04.14"]
[Round "5.2"]
[White "Sokourinski, Sergei"]
[Black "Milicevic, Dragoljub"]
[Result "1/2-1/2"]
[WhiteElo "2128"]
[BlackElo "2264"]
[PlyCount "64"]
[GameId "2160767911565028"]
[EventDate "2001.04.12"]
[EventType "tourn"]
[EventRounds "9"]
[EventCountry "CAN"]
[SourceTitle "EXT 2002"]
[Source "ChessBase"]
[SourceDate "2001.11.25"]
[SourceVersion "1"]
[SourceVersionDate "2001.11.25"]
[SourceQuality "1"]

1. d4 f5 2. e4 fxe4 3. Nc3 Nf6 4. Bg5 Nc6 5. d5 Ne5 6. f4 Nf7 7. Qd4 c6 8. O-O-O Qb6 9. Bxf6 gxf6 10. Qxe4 d6 11. Be2 f5 12. Qd3 e5 13. Bh5 Bh6 14. Bxf7+ Kxf7 15. Nh3 e4 16. Qe2 Rf8 17. dxc6 Qxc6 18. Nb5 d5 19. Qh5+ Kg7 20. Nd4 Qd6 21. Rhf1 Bd7 22. Kb1 Qg6 23. Qxg6+ hxg6 24. Rfe1 Kf6 25. Re3 Rh8 26. Rb3 Rab8 27. Nb5 a6 28. Nc7 Bc6 29. Nxd5+ Ke6 30. Nc7+ Ke7 31. Nd5+ Ke6 32. Nc7+ Ke7 1/2-1/2

[Event "British Columbia-ch"]
[Site "Vancouver CAN"]
[Date "2001.04.14"]
[Round "5.3"]
[White "Storey, Carl"]
[Black "Seid, Hee"]
[Result "1-0"]
[WhiteElo "2298"]
[BlackElo "2157"]
[PlyCount "81"]
[GameId "2160767911565029"]
[EventDate "2001.04.12"]
[EventType "tourn"]
[EventRounds "9"]
[EventCountry "CAN"]

1. Nf3 Nf6 2. c4 g6 3. g3 Bg7 4. Bg2 O-O 5. O-O d6 6. d4 Nbd7 7. Nc3 e5 8. dxe5 dxe5 9. Qc2 c6 10. e4 Qc7 11. h3 Re8 12. Be3 Nf8 13. Rad1 Be6 14. b3 h6 15. Rd2 Rad8 16. Rfd1 Rxd2 17. Qxd2 Qa5 18. Nd5 Qxd2 19. Nxf6+ Bxf6 20. Rxd2 Nd7 21. Bxh6 Nc5 22. Ng5 Bc8 23. b4 Ne6 24. Nf3 g5 25. h4 gxh4 26. Nxh4 Bxh4 27. gxh4 b6 28. Be3 Ba6 29. Bf1 Rd8 30. Rxd8+ Nxd8 31. Bg5 Ne6 32. Bf6 c5 33. b5 Bb7 34. f3 Nd4 35. Kg2 a6 36. a4 axb5 37. axb5 Kf8 38. Bxe5 Ne6 39. Kg3 Kg8 40. Bd3 Nf8 41. Bc7 1-0